Т.2 : Полезные ископаемые Джезказган-Улутауского района; Избранные труды

Détails bibliographiques
Parent link:Избранные труды: в 4-х т./ К. И. Сатпаев; Академия наук Казахской ССР (АН КазССР). Т.2 : Полезные ископаемые Джезказган-Улутауского района.— , 1967-
Langue:russe
Publié: 1968
Sujets:
Format: MixedMaterials Livre
KOHA link:https://koha.lib.tpu.ru/cgi-bin/koha/opac-detail.pl?biblionumber=254920

MARC

LEADER 00000nam2a2200000 4500
001 254920
005 20231101232959.0
035 |a (RuTPU)RU\TPU\book\277422 
035 |a RU\TPU\book\277420 
090 |a 254920 
100 |a 20140325d1968 k y0rusy50 ca 
101 0 |a rus 
102 |a KZ 
105 |a a z 000zy 
200 0 |a Т.2 : Полезные ископаемые Джезказган-Улутауского района 
210 |d 1968 
215 |a 222 с.  |c ил. 
461 1 |0 (RuTPU)RU\TPU\book\279762  |t Избранные труды  |o в 4-х т.  |f К. И. Сатпаев  |g Академия наук Казахской ССР (АН КазССР)  |v Т.2 : Полезные ископаемые Джезказган-Улутауского района  |d 1967- 
606 1 |a Полезные ископаемые  |x Геология  |2 stltpush  |3 (RuTPU)RU\TPU\subj\50069  |9 68818 
610 1 |a Карагандинский бассейн 
610 1 |a металлогения 
610 1 |a железорудные месторождения 
610 1 |a свинцовые месторождения 
610 1 |a уголь 
675 |a 553  |v 3 
801 1 |a RU  |b 63413507  |c 20140325 
801 2 |a RU  |b 63413507  |c 20140414  |g RCR 
942 |c BK